000 00217 a2200097 4500
001 57710
100 _a
245 _aJuram, Jail aur police
260 _aLahore
_bJang publisher
_c1994
090 _c35392
_d35392
942 _aNUST-CAE
_cMONOGRAPH
_c28216
999 _c292783
_d292783